Statistiken für WM-Kader Deutschland 2010: Nenne den jeweiligen Verein der Spieler

Klicken Sie hier um das Quiz zu spielen!

Allgemein

  • Dieses Quiz wurde 283 mal gespielt
    (222 seit der letzten Aktualisierung)
  • Das Durchschnittsergebnis liegt bei 19 aus 23

Antwortstatistiken

SpielerVerein% Korrekt
Manuel NeuerSchalke
99%
Philipp LahmBayern
94%
Bastian SchweinsteigerBayern
93%
Tim WieseBremen
93%
Holger BadstuberBayern
91%
Thomas MüllerBayern
91%
Mario GomezBayern
89%
Hans Jörg ButtBayern
87%
Lukas PodolskiKöln
87%
Miroslav KloseBayern
86%
Stefan KießlingLeverkusen
86%
Mesut ÖzilBremen
82%
Per MertesackerBremen
81%
CacauStuttgart
80%
Marcell JansenHamburg
76%
Sami KhediraStuttgart
75%
Marko MarinBremen
74%
Serdar TasciStuttgart
74%
Dennis AogoHamburg
73%
Toni KroosLeverkusen
73%
Jerome BoatengHamburg
70%
Piotr TrochowskiHamburg
66%
Arne FriedrichHertha
66%

Verteilung der Resultate

Perzentil nach korrekt beantworteten Fragen

Anzahl Personen mit jedem Resultat

Ihre Resultats-Entwicklung

Sie haben dieses Quiz seit der letzten Aktualisierung nicht gespielt